| 000 | 004160000a22001690004500 | ||
|---|---|---|---|
| 005 | 20120302065418.0 | ||
| 942 | _cBOOK | ||
| 100 | _a Chowdhari, Nanasaheb | ||
| 245 | _a Ek tari Ovi Anubhavavi...! | ||
| 250 | _a 1st | ||
| 260 | _aMumbai:Dhavale, 2007 | ||
| 300 | _aSola; 112p..-ill | ||
| 490 | _a1150 | ||
| 040 | _aMar | ||
| 365 | _b$3/- | ||
| 650 | _aVaicharik, Dnyaneshwari va geetetil kahi ovyanche nirupan | ||
| 999 |
_c364722 _d364719 |
||